Espagnol - Statistics

General Stats
  • This quiz has been taken 473 times
  • The average score is 10 of 15
Answer Stats
Espagnol Français % Correct
ir aller
93%
gustar aimer
92%
cocinar cuisiner
89%
alimentaciòn alimentation
88%
poder pouvoir
86%
descubrir découvrir
83%
querer vouloir
83%
lluvia pluie
68%
cenar dîner
67%
poblaciòn population
67%
arroz riz
63%
encantar adorer
47%
verse sevoir
40%
aunque bien que
23%
desyunar prendre le petit déjeuner
7%
No matching quizzes found
Score Distribution
Percent of People with Each Score
Percentile by Number Answered
Your Score History
You have not taken this quiz